| 000 | 00713nam a2200193Ia 4500 | ||
|---|---|---|---|
| 003 | IN-BaIIA | ||
| 008 | 211028s9999 xx 000 0 eng d | ||
| 040 | _cIIA Library | ||
| 080 |
_a520.8(082.2) _bESO-78 |
||
| 245 | 0 |
_aModern techniques in astronomical photography _bproceedings of the ESO workshop held in Geneva, Switzerland from 16th - 18th May 1978 _cedited by R. M. West and J. L. Heudier. |
|
| 260 |
_aFRG _bEuropean Southern Observatory _c1978 |
||
| 300 | _axv, 304p. | ||
| 650 |
_aAstronomical photography _95571 |
||
| 650 |
_aAstronomical techniques _91786 |
||
| 650 | _aAstronomy and astrophysics thesaurus | ||
| 700 |
_aHeudier, J. L., ed. _910108 |
||
| 700 |
_aWest, R. M., ed. _910109 |
||
| 942 | _cBK | ||
| 999 |
_c5835 _d5835 |
||